| 000 | 01380nam a2200337 c 4500 | ||
|---|---|---|---|
| 999 |
_c40849 _d40849 |
||
| 003 | BLK | ||
| 005 | 20231107153256.0 | ||
| 008 | 180408b bul|||||r ||||||| ||bul|| | ||
| 010 | _aKNG00044338000 | ||
| 040 | _aBLK | ||
| 041 |
_aBUL _cBUL |
||
| 080 |
_aФренска литература _b821.133.1 _x-31 _z821.133.1-31 |
||
| 100 | 1 |
_aВейерганс, Франсоа _eпърви автор _946703 |
|
| 139 |
_aВейерганс, Франсоа _bВ 36 |
||
| 245 | 1 | 0 |
_aСалът на "Медуза" _bРоман _cФрансоа Вейерганс; прев. от фр. Мария Христова Коева. |
| 257 | _aFRA | ||
| 260 |
_aСофия _bНар. култура _c1986 |
||
| 300 |
_a239 с. _c17 см |
||
| 380 | _aX | ||
| 490 |
_aБиблиотека Панорама _vN 189 _9201932 |
||
| 490 |
_aСерия Проза _vN 139 _9201933 |
||
| 500 | _aОриг. загл. Le radeau de la Meduse / Francois Weyergans. - 20 125 тир. - Съдържа и Франсоа Вейерганс ; Франсоа Вейерганс за своя роман. | ||
| 700 | 1 |
_aКоева, Мария Христова _980419 |
|
| 852 | _aЦб І 22919 | ||
| 856 | 4 | _qpdf | |
| 856 | 4 | _qpdf | |
| 942 |
_cKNG _n0 _s1 |
||
| 944 |
_aCR _c31.08.2016 _k30560 _lГеновева Генчева |
||
| 944 |
_aED _c31.08.2016 _kМилена_Ачева |
||
| 999 | _d40849 | ||